[Event "15th Delhi Open 2017"]
[Site "New Delhi IND"]
[Date "2017.01.12"]
[Round "5.3"]
[White "Sunilduth Lyna, Narayanan"]
[Black "Nitin, S."]
[Result "1/2-1/2"]
[WhiteTitle "GM"]
[BlackTitle "IM"]
[WhiteElo "2541"]
[BlackElo "2427"]
[WhiteFideId "5058422"]
[BlackFideId "5018277"]
[EventDate "2017.01.09"]

1. d4 Nf6 2. c4 g6 3. Nc3 Bg7 4. e4 d6 5. h3 O-O 6. Be3 c6 7. Nf3 Na6 8. Be2 e5
9. dxe5 dxe5 10. c5 Qa5 11. Nd2 Be6 12. a3 Nd7 13. b4 Qd8 14. O-O f5 15. f3 Nc7
16. Bc4 Kh8 17. Bxe6 Nxe6 18. Nc4 Nd4 19. Kh1 a5 20. Qd3 b6 21. cxb6 axb4 22.
axb4 Rxa1 23. Rxa1 Nxb6 24. Nxb6 Qxb6 25. exf5 gxf5 26. Qc4 Qb7 27. Bg1 Qf7 28.
Qxf7 Rxf7 29. f4 1/2-1/2

[Event "15th Delhi Open 2017"]
[Site "New Delhi IND"]
[Date "2017.01.12"]
[Round "5.4"]
[White "Sivuk, Vitaly"]
[Black "Ravi, Teja S."]
[Result "1/2-1/2"]
[WhiteTitle "GM"]
[BlackTitle "IM"]
[WhiteElo "2540"]
[BlackElo "2388"]
[WhiteFideId "14116502"]
[BlackFideId "5017220"]
[EventDate "2017.01.09"]

1. d4 d5 2. Bf4 c5 3. e3 Nc6 4. c3 cxd4 5. exd4 Bf5 6. Qb3 Qd7 7. Nf3 e6 8. Nbd2
f6 9. Be2 Nge7 10. O-O g5 11. Be3 Bg6 12. a4 Nf5 13. Ne1 Bd6 14. g4 Nxe3 15.
fxe3 O-O 16. Bd3 Kg7 17. Qd1 Rae8 18. Rf2 e5 19. Bxg6 hxg6 20. Nf1 exd4 21. exd4
Re4 22. Rg2 Nd8 23. Nd3 Rh8 24. Qf3 Rhe8 25. Nf2 R4e7 26. Nd3 Re4 27. Nf2 R4e7
28. Nd3 Re4 1/2-1/2

[Event "15th Delhi Open 2017"]
[Site "New Delhi IND"]
[Date "2017.01.12"]
[Round "5.5"]
[White "Deviatkin, Andrei"]
[Black "Das, Sayantan"]
[Result "1-0"]
[WhiteTitle "GM"]
[BlackTitle "IM"]
[WhiteElo "2499"]
[BlackElo "2371"]
[WhiteFideId "4121260"]
[BlackFideId "5034426"]
[EventDate "2017.01.09"]

1. d4 Nf6 2. Nf3 g6 3. Bg5 Bg7 4. e3 d6 5. Nbd2 h6 6. Bh4 g5 7. Bg3 Nh5 8. c3
Nxg3 9. hxg3 e6 10. Bd3 Nd7 11. Qe2 Qe7 12. a3 b6 13. Ba6 O-O 14. a4 c6 15. O-O
d5 16. Bxc8 Raxc8 17. e4 dxe4 18. Nxe4 c5 19. a5 cxd4 20. Nxd4 Nc5 21. axb6 axb6
22. Nb5 Nxe4 23. Qxe4 Qc5 24. Qe2 Rfd8 25. Rfd1 g4 26. Na7 Rxd1+ 27. Rxd1 Ra8
28. Rd7 Qf5 29. Qd1 Bf6 30. Nc6 Ra2 31. Rd2 h5 32. Kh2 Kg7 33. Nd4 Qg5 34. Re2
Qd5 35. Rd2 Qg5 36. Re2 Qg6 37. Nc6 Ra8 38. Ne5 Qg5 39. f4 gxf3 40. Nxf3 Qg4 41.
Qd3 Rd8 42. Qe3 Rd5 43. Qf4 Rf5 44. Qe4 Rb5 45. Qf4 Rf5 46. Qe4 b5 47. Re3 Rd5
48. Re2 Rc5 49. Qe3 Rf5 50. Qd3 Rd5 51. Qe4 b4 52. cxb4 Rb5 53. b3 Rxb4 54. Qd3
Qg6 55. Qe3 Qf5 56. Rf2 Qe4 57. Qc5 Rxb3 58. Nd2 Qe3 59. Nxb3 Qxb3 60. Qxh5 Qc3
61. Qg4+ Kf8 62. Ra2 Be5 63. Ra8+ Ke7 64. Ra7+ Bc7 65. Qf4 Kd8 66. Ra8+ Ke7 67.
Qg5+ Kd7 68. Rf8 f5 69. Rf7+ Kc6 70. Qg8 Qe5 71. Re7 Kd5 72. Qa8+ Kd6 73. Qa3+
Kc6 74. Qa4+ Kc5 75. Qc2+ Kb6 76. Qb3+ Ka7 77. Rxe6 Qh8+ 78. Kg1 Qa1+ 79. Kf2
Qa5 80. Ke2 Qc5 81. Qe3 1-0

[Event "15th Delhi Open 2017"]
[Site "New Delhi IND"]
[Date "2017.01.12"]
[Round "5.6"]
[White "Czebe, Attila"]
[Black "Sangma, Rahul"]
[Result "1-0"]
[WhiteTitle "GM"]
[BlackTitle "IM"]
[WhiteElo "2491"]
[BlackElo "2314"]
[WhiteFideId "705268"]
[BlackFideId "5013615"]
[EventDate "2017.01.09"]

1. c4 e5 2. Nc3 Nf6 3. Nf3 Nc6 4. g3 d5 5. d4 exd4 6. Nxd4 Nxd4 7. Qxd4 dxc4 8.
Qxc4 c6 9. Bg2 Be6 10. Qa4 Be7 11. O-O O-O 12. e4 b5 13. Qc2 Rc8 14. h3 Nd7 15.
Ne2 c5 16. Rd1 c4 17. Nd4 Qb6 18. Be3 Bc5 19. f4 f6 20. Kh2 Rfd8 21. a4 Nf8 22.
a5 Qb8 23. Qf2 a6 24. e5 Qa7 25. exf6 gxf6 26. f5 Bd5 27. Bxd5+ Rxd5 28. Qf3 Qf7
29. Bh6 Rcd8 30. Ne6 Rxf5 31. Qg4+ 1-0

[Event "15th Delhi Open 2017"]
[Site "New Delhi IND"]
[Date "2017.01.12"]
[Round "5.7"]
[White "Iniyan, P"]
[Black "Swayams, Mishra"]
[Result "0-1"]
[BlackTitle "IM"]
[WhiteElo "2363"]
[BlackElo "2491"]
[WhiteFideId "25002767"]
[BlackFideId "5028183"]
[EventDate "2017.01.09"]

1. d4 e6 2. c4 b6 3. e4 Bb7 4. Nc3 Bb4 5. Bd3 f5 6. Qh5+ g6 7. Qe2 Nf6 8. Bg5
fxe4 9. Bxf6 Qxf6 10. Bxe4 Bxe4 11. Qxe4 Bxc3+ 12. bxc3 O-O 13. Nf3 Nc6 14. O-O
Qf5 15. Qe2 Qa5 16. Qe4 Qf5 17. Qe2 Qa5 18. Qe4 Rae8 19. d5 exd5 20. Qxd5+ Qxd5
21. cxd5 Ne5 22. Nd4 a6 23. Rfd1 Nc4 24. Re1 Kf7 25. Nf3 h6 26. Kf1 Kf6 27. Rad1
b5 28. Rd4 Rxe1+ 29. Kxe1 Ke7 30. Rh4 h5 31. Rd4 Rf5 32. Nh4 Rf6 33. Nf3 Rf5 34.
Nh4 Rf6 35. Nf3 Rd6 36. g3 Nb6 37. Ne5 Kf6 38. f4 Nxd5 39. Kd2 g5 40. Nd3 gxf4
41. gxf4 Kf5 42. Nc5 Nxf4 43. Rxd6 cxd6 44. Nxa6 Ne6 45. Ke3 Ke5 46. Nb4 Nc5 47.
Nc2 Kd5 48. Na3 Kc6 49. Kf4 Ne6+ 50. Kf5 Kc5 51. h4 d5 52. Kg6 Nf4+ 53. Kg5 Ne2
54. Nb1 Ng3 55. Na3 Ne4+ 56. Kxh5 Nxc3 57. Kg6 d4 58. Nc2 d3 59. Na1 Kc4 60. Nb3
Nxa2 61. Nd2+ Kc3 62. Ne4+ Kd4 63. Nf2 Ke3 64. Nd1+ Kd2 65. Nf2 Ke2 66. Nxd3
Kxd3 67. h5 b4 68. h6 b3 69. h7 b2 70. h8=Q b1=Q 71. Qe5 Kc4+ 72. Kf6 Qf1+ 73.
Ke7 d5 74. Qc7+ Kb3 75. Qg3+ Nc3 76. Kd6 Qf8+ 77. Kc6 Qc8+ 78. Kb6 d4 79. Qf3
Qc4 80. Ka7 d3 81. Qb7+ Nb5+ 82. Ka6 Qa4+ 83. Kb6 Qa7+ 0-1

[Event "15th Delhi Open 2017"]
[Site "New Delhi IND"]
[Date "2017.01.12"]
[Round "5.8"]
[White "Nouri, Hamed"]
[Black "Neverov, Valeriy"]
[Result "0-1"]
[BlackTitle "GM"]
[WhiteElo "2363"]
[BlackElo "2478"]
[WhiteFideId "5201454"]
[BlackFideId "14100150"]
[EventDate "2017.01.09"]

1. e4 c5 2. Nf3 Nc6 3. Bb5 e6 4. Bxc6 bxc6 5. O-O Ne7 6. Nc3 Ng6 7. d3 Be7 8.
Ne1 e5 9. Qh5 d6 10. Ne2 O-O 11. Nf3 f5 12. Bg5 Bxg5 13. Nxg5 h6 14. Qxg6 hxg5
15. exf5 Bxf5 16. Qh5 Rb8 17. b3 Rb4 18. Ng3 Rf4 19. Qe2 g4 20. Qe3 Bg6 21. Ne2
R4f7 22. Rae1 Qh4 23. Qg3 Qh5 24. Nc3 Rf4 25. Re3 d5 26. Re2 e4 27. Na4 d4 28.
Rfe1 exd3 29. cxd3 c4 30. Re5 Qh6 31. bxc4 Rxf2 32. Nc5 Qd2 33. Qxg4 R2f4 34.
Qe2 Rf2 35. Qg4 Bxd3 36. Qe6+ R8f7 37. Qc8+ Rf8 38. Qe6+ R2f7 39. Nd7 Qf2+ 40.
Kh1 Rd8 41. Nc5 Bf5 42. Qxc6 Rff8 43. Ne6 Be4 44. Nc5 0-1

[Event "15th Delhi Open 2017"]
[Site "New Delhi IND"]
[Date "2017.01.12"]
[Round "5.9"]
[White "Grover, Sahaj"]
[Black "Thakur, Akash"]
[Result "1-0"]
[WhiteTitle "GM"]
[BlackTitle "FM"]
[WhiteElo "2467"]
[BlackElo "2369"]
[WhiteFideId "5021103"]
[BlackFideId "5008514"]
[EventDate "2017.01.09"]

1. d4 d5 2. Nf3 Nf6 3. c4 c6 4. Qb3 dxc4 5. Qxc4 Bf5 6. g3 e6 7. Bg2 Be7 8. O-O
Nbd7 9. e3 O-O 10. Rd1 Ne4 11. Nfd2 Nd6 12. Qe2 e5 13. e4 Be6 14. Nf3 f6 15. Nc3
Bg4 16. h3 Bh5 17. d5 c5 18. Nb5 a6 19. Nxd6 Bxd6 20. a4 Qc7 21. g4 Bf7 22. Nd2
Rab8 23. a5 Rfd8 24. Nc4 Be8 25. g5 b5 26. axb6 Nxb6 27. Nxd6 Rxd6 28. Rxa6 fxg5
29. Bxg5 Na4 30. Rxd6 Qxd6 31. Rd2 Rb3 32. Bh4 Bb5 33. Qg4 Nxb2 34. Qc8+ Kf7 35.
Qf5+ Kg8 36. Bg3 Bd7 37. Qh5 Qh6 38. Qxh6 gxh6 39. Bf1 Rb4 40. f3 Nc4 41. Bxc4
Rxc4 42. Kg2 Rc1 43. Bxe5 c4 44. Ra2 c3 45. Ra8+ Kf7 46. Ra7 Ke8 47. Rc7 c2 48.
Bf4 1-0

[Event "15th Delhi Open 2017"]
[Site "New Delhi IND"]
[Date "2017.01.12"]
[Round "5.10"]
[White "Roy Chowdhury, Saptarshi"]
[Black "Visakh, N R"]
[Result "0-1"]
[WhiteTitle "GM"]
[BlackTitle "IM"]
[WhiteElo "2351"]
[BlackElo "2453"]
[WhiteFideId "5002974"]
[BlackFideId "25012223"]
[EventDate "2017.01.09"]

1. e4 e5 2. Nf3 Nf6 3. Nc3 Nc6 4. Bb5 Bb4 5. d3 d6 6. O-O Bxc3 7. bxc3 Bd7 8. h3
h6 9. Nh2 Qe7 10. c4 g5 11. Rb1 Nd8 12. Bxd7+ Qxd7 13. c3 b6 14. Qf3 Ke7 15. Be3
Ne6 16. Rfd1 c5 17. Nf1 Ng7 18. Ng3 g4 19. hxg4 Qxg4 20. Qxg4 Nxg4 21. Bd2 h5
22. f3 Nf6 23. Nf1 Ne6 24. Ne3 Kd7 25. Nf5 h4 26. Kf2 Nh5 27. Nxh4 Rag8 28. Rh1
Ng3 29. Rh3 Nf4 30. Bxf4 exf4 31. a4 Rg5 32. Nf5 Rxh3 33. gxh3 Nxf5 34. exf5
Rxf5 35. Rg1 Rh5 36. Rh1 Ke6 37. Kg2 Rg5+ 38. Kf2 Rh5 39. Kg2 Kf6 40. Kf2 Re5
41. Re1 Rh5 42. Rh1 Rh8 43. h4 Re8 44. h5 Kg5 45. h6 Rh8 46. h7 Kg6 47. Rg1+
Kxh7 48. Rg4 f5 49. Rh4+ Kg7 50. Rxh8 Kxh8 51. Ke2 Kg7 52. d4 Kf6 53. dxc5 bxc5
54. Kf2 Ke6 55. Ke2 Ke5 56. Kd2 0-1

[Event "15th Delhi Open 2017"]
[Site "New Delhi IND"]
[Date "2017.01.12"]
[Round "5.11"]
[White "Navalgund, Niranjan"]
[Black "Shyaamnikhil, P"]
[Result "1-0"]
[BlackTitle "IM"]
[WhiteElo "2207"]
[BlackElo "2446"]
[WhiteFideId "5030854"]
[BlackFideId "5024218"]
[EventDate "2017.01.09"]

1. d4 Nf6 2. c4 c5 3. d5 b5 4. Qc2 bxc4 5. e4 d6 6. Bxc4 g6 7. Nf3 Bg7 8. O-O
O-O 9. h3 Nbd7 10. Nc3 Ne8 11. Bg5 h6 12. Bd2 Nc7 13. Rfe1 Kh7 14. Rab1 Nb6 15.
b3 e6 16. dxe6 Bxe6 17. Ne2 d5 18. exd5 Ncxd5 19. Rbd1 Qc8 20. Rc1 Nxc4 21. bxc4
Bf5 22. Qd1 Nb4 23. Bxb4 cxb4 24. c5 Qa6 25. Qb3 Be6 26. Qxb4 Qxa2 27. Qh4 Bd5
28. Nc3 Qb3 29. Nxd5 Qxd5 30. c6 a5 31. Qa4 Ra7 32. c7 Rc8 33. Re7 Bf8 34. Rd7
Qf5 35. Qd4 Bg7 36. Qxa7 Qxd7 37. Qxa5 Bb2 38. Rb1 Bf6 39. Qb6 Be7 40. Ne5 Qd6
41. Qxd6 Bxd6 42. Nxf7 Bxc7 43. Rb7 Kg8 44. Nxh6+ Kf8 45. g3 Ke7 46. Ng4 Ke6 47.
Kg2 Bd6 48. Rg7 Kf5 49. Rf7+ 1-0

[Event "15th Delhi Open 2017"]
[Site "New Delhi IND"]
[Date "2017.01.12"]
[Round "5.12"]
[White "Lahiri, Atanu"]
[Black "Ghosh, Diptayan"]
[Result "0-1"]
[WhiteTitle "IM"]
[BlackTitle "GM"]
[WhiteElo "2291"]
[BlackElo "2570"]
[WhiteFideId "5002818"]
[BlackFideId "5045207"]
[EventDate "2017.01.09"]

1. d4 Nf6 2. c4 e6 3. Nf3 d5 4. Nc3 Nbd7 5. cxd5 exd5 6. Bg5 c6 7. e3 h6 8. Bh4
g5 9. Bg3 Nh5 10. Be5 f6 11. Bd3 fxe5 12. Bg6+ Ke7 13. Bxh5 e4 14. Nd2 Nf6 15.
Be2 Kf7 16. Qc2 Bd6 17. f3 exf3 18. gxf3 Qe7 19. e4 Bf4 20. O-O-O Be6 21. Kb1
Rad8 22. Nb3 Kg7 23. e5 Nh5 24. Bd3 Rhf8 25. Bg6 Bf7 26. Bf5 Qe8 27. Nc5 Qe7 28.
Ka1 b6 29. Nd3 Be3 30. Nf2 c5 31. Ng4 cxd4 32. Ne2 Nf4 33. Nxe3 Nxe2 34. Ng4 Nf4
35. Rxd4 h5 0-1

[Event "15th Delhi Open 2017"]
[Site "New Delhi IND"]
[Date "2017.01.12"]
[Round "5.13"]
[White "Gajwa, Ankit"]
[Black "Bernadskiy, Vitaliy"]
[Result "1-0"]
[WhiteTitle "FM"]
[BlackTitle "GM"]
[WhiteElo "2275"]
[BlackElo "2540"]
[WhiteFideId "5077834"]
[BlackFideId "14100371"]
[EventDate "2017.01.09"]

1. e4 e6 2. d4 d5 3. Nc3 Nf6 4. e5 Nfd7 5. Nf3 c5 6. dxc5 Nc6 7. Bf4 Nxc5 8. Bd3
Be7 9. h4 a6 10. h5 Qb6 11. Rb1 d4 12. Ne4 Qa5+ 13. Bd2 Nxd3+ 14. cxd3 Qb5 15.
Qb3 Qxb3 16. axb3 h6 17. Rc1 O-O 18. Ke2 Rd8 19. g4 Rd5 20. g5 Kh7 21. Rcg1 Nxe5
22. gxh6 gxh6 23. Bb4 Bd8 24. Nxe5 Rxe5 25. Bf8 Bc7 26. Rg7+ 1-0

[Event "15th Delhi Open 2017"]
[Site "New Delhi IND"]
[Date "2017.01.12"]
[Round "5.14"]
[White "Kurbonboeva, Sarvinoz"]
[Black "Tukhaev, Adam"]
[Result "1/2-1/2"]
[WhiteTitle "WIM"]
[BlackTitle "GM"]
[WhiteElo "2274"]
[BlackElo "2516"]
[WhiteFideId "14201780"]
[BlackFideId "14109476"]
[EventDate "2017.01.09"]

1. d4 Nf6 2. c4 g6 3. Nc3 Bg7 4. e4 d6 5. h3 O-O 6. Bg5 Na6 7. Bd3 e5 8. d5 c6
9. Nge2 cxd5 10. exd5 h6 11. Be3 Nd7 12. Qd2 Kh7 13. g4 Ndc5 14. Bc2 f5 15. gxf5
Bxf5 16. a3 e4 17. Nd4 Qf6 18. O-O-O Rac8 19. Kb1 Qh4 20. Rdg1 Nd7 21. Nxf5 gxf5
22. Nxe4 fxe4 23. Rg4 Qf6 24. Bxe4+ 1/2-1/2

[Event "15th Delhi Open 2017"]
[Site "New Delhi IND"]
[Date "2017.01.12"]
[Round "5.15"]
[White "Malakhatko, Vadim"]
[Black "Arjun, Kalyan"]
[Result "1/2-1/2"]
[WhiteTitle "GM"]
[WhiteElo "2514"]
[BlackElo "2269"]
[WhiteFideId "14104202"]
[BlackFideId "35018701"]
[EventDate "2017.01.09"]

1. Nf3 d5 2. g3 Nf6 3. Bg2 c6 4. O-O Bg4 5. c4 e6 6. cxd5 cxd5 7. Ne5 Bh5 8. g4
Bg6 9. Qa4+ Nbd7 10. g5 Ne4 11. Nxd7 Qxd7 12. Qxd7+ Kxd7 13. d3 Nd6 14. Nc3 Be7
15. e4 d4 16. Ne2 e5 17. f4 f6 18. Bh3+ Kd8 19. Bd2 Be8 20. Ng3 Bd7 21. Bxd7
Kxd7 22. Nh5 Rhg8 23. Rac1 Raf8 24. Kg2 Nf7 25. gxf6 gxf6+ 26. Kh1 Nd6 27. Bb4
Rc8 28. Rxc8 Rxc8 29. fxe5 fxe5 30. Nf6+ Ke6 31. Nd5 Bg5 32. Kg2 Ne8 33. Rf8
Rc2+ 34. Kg3 Nf6 35. h4 Bf4+ 36. Nxf4+ exf4+ 37. Kxf4 Rxb2 38. Bc5 Rf2+ 39. Kg3
Rd2 40. Bxa7 Rxd3+ 41. Kf4 Rd1 42. Kf3 Rd3+ 43. Kf4 Rd1 44. Kf3 1/2-1/2

[Event "15th Delhi Open 2017"]
[Site "New Delhi IND"]
[Date "2017.01.12"]
[Round "5.16"]
[White "Koustav, Chatterjee"]
[Black "Horvath, Adam1"]
[Result "0-1"]
[BlackTitle "GM"]
[WhiteElo "2265"]
[BlackElo "2499"]
[WhiteFideId "25073060"]
[BlackFideId "708003"]
[EventDate "2017.01.09"]

1. d4 Nf6 2. c4 e6 3. Nc3 Bb4 4. e3 b6 5. Ne2 Ba6 6. a3 Be7 7. Nf4 d5 8. cxd5
Bxf1 9. Kxf1 Nxd5 10. Qf3 c6 11. g3 O-O 12. Kg2 Nd7 13. Bd2 Nxf4+ 14. Qxf4 c5
15. Rad1 cxd4 16. exd4 Nf6 17. Rhe1 Rc8 18. Qe5 Rc7 19. Bf4 Rd7 20. Qe3 Nd5 21.
Nxd5 Rxd5 22. Be5 Rb5 23. Qf3 Qd7 24. Qg4 f6 25. Bf4 Kf7 26. Re2 Qd5+ 27. Kg1
Rc8 28. Rde1 Rc6 29. b4 Qh5 30. Qxh5+ Rxh5 31. Rb1 b5 32. Rc1 Rxc1+ 33. Bxc1 Rd5
34. Bb2 Bd8 35. Rc2 Bb6 36. Rc8 e5 37. dxe5 Rd2 38. Bc3 Rxf2 39. exf6 gxf6 40.
Rc7+ Kg6 41. Rc6 Rc2+ 42. Kh1 Bd4 43. Bxd4 Rxc6 44. Bc5 Ra6 0-1

[Event "15th Delhi Open 2017"]
[Site "New Delhi IND"]
[Date "2017.01.12"]
[Round "5.17"]
[White "Stopa, Jacek"]
[Black "Harikrishnan, A. Ra"]
[Result "1/2-1/2"]
[WhiteTitle "GM"]
[WhiteElo "2479"]
[BlackElo "2259"]
[WhiteFideId "1119591"]
[BlackFideId "5081483"]
[EventDate "2017.01.09"]

1. c4 e5 2. Nc3 Nc6 3. g3 f5 4. Bg2 Nf6 5. e3 d5 6. cxd5 Nb4 7. d3 Nbxd5 8. Nxd5
Nxd5 9. Nf3 Bd6 10. O-O Nf6 11. Qb3 Qe7 12. e4 fxe4 13. dxe4 c6 14. Be3 Be6 15.
Qc2 O-O 16. Rad1 Ng4 17. Rxd6 Qxd6 18. Bc5 Qc7 19. Bxf8 Rxf8 20. Ng5 Bc8 21.
Qc4+ Kh8 22. Qc5 Kg8 23. Nxh7 Rxf2 24. Rxf2 Nxf2 25. Ng5 Ng4 26. Bf1 Qb6 27.
Bc4+ Kh8 28. Nf7+ Kh7 29. Qxb6 axb6 30. Nd6 Bd7 31. Nxb7 Kg6 32. b4 Kf6 33. Nd6
Ke7 34. Nf5+ Kf6 35. a4 g6 36. Nh4 b5 37. axb5 cxb5 38. Bd3 Ne3 39. Nf3 Nd1 40.
Ne1 Bc6 41. Kg2 Nc3 42. Kf3 Na2 43. Nc2 Bd7 44. h4 g5 45. Ke3 gxh4 46. gxh4 Kg6
47. Be2 Bc6 48. Bf3 Bd7 49. Kd2 Be6 50. Be2 Bd7 51. Na3 Nxb4 52. Nxb5 Na6 53.
Nd6 Nc5 54. Ke3 Bc6 55. Bf3 Kf6 56. Nf5 Bd7 57. Ng3 Bc6 58. Bg2 Ne6 59. Bh3 Nf4
60. Bf1 Ng6 61. h5 Nf4 62. Be2 Kg5 63. Bf3 Be8 64. Nf5 Bxh5 65. Bxh5 Nxh5 66.
Nd6 1/2-1/2

[Event "15th Delhi Open 2017"]
[Site "New Delhi IND"]
[Date "2017.01.12"]
[Round "5.18"]
[White "Dzhumaev, Marat"]
[Black "Hemanth, Raam"]
[Result "1-0"]
[WhiteTitle "GM"]
[WhiteElo "2457"]
[BlackElo "2231"]
[WhiteFideId "14200236"]
[BlackFideId "5084580"]
[EventDate "2017.01.09"]

1. d4 d5 2. Bf4 e6 3. e3 c5 4. Nf3 Nc6 5. c3 Nf6 6. Nbd2 Bd6 7. Bg5 O-O 8. Bd3
cxd4 9. exd4 h6 10. Bh4 e5 11. dxe5 Nxe5 12. Nxe5 Bxe5 13. O-O b5 14. Re1 Bf4
15. Nf3 Qb6 16. Nd4 b4 17. h3 bxc3 18. bxc3 Bd7 19. Rb1 Qd6 20. Bf5 Ne4 21. Qg4
h5 22. Qxh5 g6 23. Qg4 Be8 24. Rb7 Rb8 25. Rxb8 Qxb8 26. Bxe4 dxe4 27. Bf6 Be5
28. Bxe5 Qxe5 29. Qxe4 Qa5 30. Qc2 Ba4 31. Qd2 Rc8 32. Re3 Qd5 33. Qb2 Bd7 34.
Qb3 Qg5 35. Qb7 Rd8 36. Qc7 Bf5 37. Qe7 Qxe7 38. Rxe7 Rc8 39. Nxf5 gxf5 40. Rxa7
Rxc3 41. Kh2 f4 42. f3 Kg7 43. Ra6 Rc2 44. a4 Ra2 45. a5 f6 46. Ra8 f5 47. a6
Kf7 48. h4 Kg7 49. a7 Kh7 50. h5 Kg7 51. Kh3 Kh7 52. Kh4 Kg7 53. h6+ Kh7 54. Kh5
Ra6 55. Kg5 1-0

[Event "15th Delhi Open 2017"]
[Site "New Delhi IND"]
[Date "2017.01.12"]
[Round "5.19"]
[White "Murshed, Niaz"]
[Black "Mahalakshmi, M"]
[Result "1/2-1/2"]
[WhiteTitle "GM"]
[BlackTitle "WIM"]
[WhiteElo "2444"]
[BlackElo "2225"]
[WhiteFideId "10200010"]
[BlackFideId "5001080"]
[EventDate "2017.01.09"]

1. d4 Nf6 2. c4 e6 3. Nf3 Bb4+ 4. Nbd2 O-O 5. g3 b6 6. Bg2 Bb7 7. O-O d5 8. a3
Be7 9. b4 dxc4 10. Nxc4 Nbd7 11. Bb2 a6 12. Rc1 c5 13. bxc5 bxc5 14. Nfe5 Bxg2
15. Kxg2 Rc8 16. Kg1 cxd4 17. Qxd4 Nxe5 18. Qxe5 Qd5 19. Qxd5 Nxd5 20. Rfd1 f5
21. a4 Rb8 22. a5 Rb5 23. Bd4 Bf6 24. Bxf6 gxf6 25. Rd4 Rc8 26. Rcd1 Rb4 27. Nb6
Rxd4 28. Rxd4 Nxb6 29. axb6 Rc1+ 30. Kg2 Rb1 31. Rd6 Kf7 32. h4 h5 33. Rd7+ Kg6
34. b7 a5 35. f4 a4 36. Rd4 1/2-1/2

[Event "15th Delhi Open 2017"]
[Site "New Delhi IND"]
[Date "2017.01.12"]
[Round "5.20"]
[White "Deshmukh, Anup"]
[Black "Venkatesh, M.R."]
[Result "1/2-1/2"]
[WhiteTitle "IM"]
[BlackTitle "GM"]
[WhiteElo "2244"]
[BlackElo "2439"]
[WhiteFideId "5000564"]
[BlackFideId "5005779"]
[EventDate "2017.01.09"]

1. c4 Nf6 2. Nc3 g6 3. e4 d6 4. d4 Bg7 5. f4 O-O 6. Nf3 c5 7. d5 e6 8. Be2 exd5
9. cxd5 Bg4 10. O-O Re8 11. e5 Nfd7 12. Ng5 Bxe2 13. Qxe2 Na6 14. Nce4 Qe7 15.
Qf3 h6 16. Nxf7 dxe5 17. fxe5 Rf8 18. e6 Ne5 19. Nf6+ Bxf6 20. Qxf6 Qxf6 21.
Rxf6 Nxf7 22. Rxg6+ Kh7 23. Rf6 Nd6 24. Rxh6+ Kg7 25. a4 Rf6 26. Rxf6 Kxf6 27.
Bf4 Nf5 28. Re1 Nb4 29. Be5+ Kg6 30. g4 Nh4 31. Rf1 Nxd5 32. Bd6 Re8 33. Bxc5 b6
34. Bf2 Nf3+ 35. Kg2 Ne5 36. Kg3 Rxe6 37. Re1 Nb4 38. Bd4 Nc2 39. Rxe5 Nxd4 40.
Rd5 Re4 41. Rd7 Ne6 42. Rxa7 Re3+ 43. Kf2 Rb3 44. h4 Rxb2+ 45. Kf3 Kf6 46. a5 b5
47. a6 Ra2 48. h5 Ra4 49. h6 Kg6 50. Ke3 Kxh6 51. Rb7 Rxa6 52. Rxb5 Kg6 1/2-1/2

[Event "15th Delhi Open 2017"]
[Site "New Delhi IND"]
[Date "2017.01.12"]
[Round "5.21"]
[White "Rathnakaran, K."]
[Black "Akash Pc, Iyer"]
[Result "0-1"]
[WhiteTitle "IM"]
[WhiteElo "2428"]
[BlackElo "2205"]
[WhiteFideId "5005507"]
[BlackFideId "5006775"]
[EventDate "2017.01.09"]

1. e4 e5 2. Nf3 Nc6 3. Bc4 Bc5 4. c3 Nf6 5. d3 a6 6. Bb3 d6 7. Bg5 h6 8. Bh4 Qe7
9. Nbd2 g5 10. Bg3 Bg4 11. h3 Bd7 12. Qe2 O-O-O 13. a4 Ba7 14. Bc4 Nb8 15. b4
Nh5 16. Nb3 Be6 17. b5 Nxg3 18. fxg3 d5 19. exd5 Bxd5 20. bxa6 Nxa6 21. Bxa6
bxa6 22. d4 Qe6 23. Nc5 Bxc5 24. dxc5 Bc4 25. Qe3 f5 26. Rd1 Rxd1+ 27. Kxd1 Qd7+
28. Ke1 f4 29. Qe4 Bd5 30. Qe2 Qxa4 31. Kf2 e4 32. Nd4 Qa2 33. gxf4 e3+ 34. Kg3
gxf4+ 35. Kxf4 Rf8+ 36. Ke5 Qxe2 37. Nxe2 Bxg2 38. Re1 Bxh3 39. Nf4 Bg4 40. Ng6
Re8+ 41. Kf6 e2 42. c6 Re6+ 43. Kf7 Rxc6 44. Ne7+ Kd7 45. Nxc6 Kxc6 46. Kg6 Kd5
47. Kxh6 Ke4 48. Kg5 Ke3 49. Kxg4 Kd2 50. Ra1 e1=Q 0-1

[Event "15th Delhi Open 2017"]
[Site "New Delhi IND"]
[Date "2017.01.12"]
[Round "5.22"]
[White "Gukesh, D"]
[Black "Saptarshi, Roy"]
[Result "0-1"]
[WhiteTitle "CM"]
[BlackTitle "IM"]
[WhiteElo "2236"]
[BlackElo "2418"]
[WhiteFideId "46616543"]
[BlackFideId "5008980"]
[EventDate "2017.01.09"]

1. Nf3 d5 2. g3 Nc6 3. d4 Bg4 4. Bg2 Qd7 5. O-O O-O-O 6. c4 dxc4 7. Qa4 Kb8 8.
Qxc4 Bxf3 9. Bxf3 Nxd4 10. Qxf7 Nf6 11. Nc3 e5 12. Qc4 Nxf3+ 13. exf3 Bd6 14.
Be3 h5 15. Rfd1 a6 16. b4 h4 17. g4 e4 18. Nxe4 Nxg4 19. Bf4 g5 20. Bxd6 cxd6
21. Rxd6 Qf5 22. Rc1 Rxd6 23. Qc7+ Ka8 24. Qxb7+ Kxb7 25. Nxd6+ Kb6 26. Nxf5 Ne5
27. Ne3 Nxf3+ 28. Kg2 Rf8 29. Rc5 Ne1+ 30. Kg1 h3 31. a4 Kb7 32. Rf5 Nf3+ 33.
Kh1 Rc8 34. Rf7+ Kb8 35. Rd7 Rc1+ 36. Rd1 Rc3 37. b5 axb5 38. axb5 Rb3 39. Rf1
Rxb5 40. Rc1 Rb2 41. Rf1 Kb7 42. Ng4 Kc6 43. Rd1 Kc5 44. Rf1 Kd4 45. Ne3 Kd3 46.
Rd1+ Ke2 47. Ra1 Rb4 48. Ra2+ Kd3 49. Ra1 Ke4 50. Rc1 Rb2 51. Rf1 Ra2 52. Ng4
Kf4 53. Ne3 Nd2 54. Rd1 Ne4 55. Kg1 Rxf2 56. Re1 Rd2 57. Nd1 Rg2+ 58. Kh1 g4 59.
Rf1+ Kg5 60. Re1 Rd2 61. Kg1 g3 62. Kh1 Rxd1 63. Rxd1 Nf2+ 64. Kg1 Nxd1 65. hxg3
Kg4 0-1

[Event "15th Delhi Open 2017"]
[Site "New Delhi IND"]
[Date "2017.01.12"]
[Round "5.23"]
[White "Raghunandan, Kaumandur Srihari"]
[Black "Tiwari, Arjun"]
[Result "1-0"]
[WhiteTitle "IM"]
[WhiteElo "2416"]
[BlackElo "2169"]
[WhiteFideId "25004964"]
[BlackFideId "5011337"]
[EventDate "2017.01.09"]

1. d4 Nf6 2. Nf3 g6 3. c4 Bg7 4. Nc3 O-O 5. e4 d6 6. Be2 e5 7. d5 Na6 8. O-O Nc5
9. Qc2 a5 10. Bg5 h6 11. Be3 Nh7 12. g3 f5 13. exf5 Bxf5 14. Qd2 Ne4 15. Nxe4
Bxe4 16. Nh4 g5 17. f3 gxh4 18. fxe4 hxg3 19. hxg3 Ng5 20. Rxf8+ Bxf8 21. Rf1
Be7 22. Bg4 Qe8 23. Qh2 Qg6 24. Bf5 Qg7 25. Kg2 Rf8 26. Qh5 b6 27. Rh1 Rf6 28.
Rh4 Bd8 29. Qg4 Nf7 30. Rh5 Qxg4 31. Bxg4 Be7 32. a3 Bf8 33. b4 axb4 34. axb4
Bg7 35. Rh1 Ng5 36. Bxg5 hxg5 37. Be6+ Kf8 38. Ra1 Bh6 39. Ra8+ Ke7 40. Ra7 Kd8
41. Ra8+ Ke7 42. Rc8 c5 43. dxc6 Kxe6 44. Re8+ Kf7 45. c7 Kxe8 46. c8=Q+ Kf7 47.
Qb7+ Kg6 48. Qxb6 g4 49. Qg1 Rf3 50. Qd1 Be3 51. Qxd6+ Rf6 52. Qd1 Rf2+ 53. Kh1
Kh5 54. c5 Rb2 55. c6 Rxb4 56. Qe1 Rc4 57. Qxe3 Rxc6 58. Qf2 Kh6 59. Qf8+ 1-0